000 00679nam a2200205Ii 4500
003 JO-AjNU
008 230605s9999||||xx |||||||||||||| ||und||
040 _aJO-AjNU
_bara
_erda
_cJO-AjNU
041 _aara
050 1 4 _aKMM178.3.S6234.1997
100 3 _aالصمادي، حازم نعيم ,
_eauthor
_946938
245 0 0 _aقرارات محكمة الاستئناف في الأمور المستعجلة
250 _aط2
264 3 1 _aعمان : مكتبة دار الثقافة ،1997
300 _a443ص
336 _atext
_btxt
_2rdacontent
337 _aunmediated
_bn
_2rdamedia
338 _avolume
_bnc
_2rdacarrier
650 4 _aاستئناف -- قانون
_946939
999 _aA20456
_c24024
_d24024